LEADER 00893nam0 22002411i 450 001 UON00136804 005 20231205102824.434 100 $a20020107d1963 |0itac50 ba 101 $atam 102 $aIN 105 $a|||| 1|||| 200 1 $aAintinai valam$fK. Chockalingam 210 $a[s. l.]$c[s. n.]$d1963 215 $a148 p.$d19 cm 686 $aSI VI LCX$cSUBCONT. INDIANO - LETTERATURA TAMIL - PERIODO MODERNO - TESTI$2A 700 1$aCHOCKALINGAM$bK.$3UONV023651$0670459 790 0$aPULIYURK KECIKAN$zCHOCKALINGAM, K.$3UONV088205 801 $aIT$bSOL$c20240220$gRICA 899 $aSIBA - SISTEMA BIBLIOTECARIO DI ATENEO$2UONSI 912 $aUON00136804 950 $aSIBA - SISTEMA BIBLIOTECARIO DI ATENEO$dSI SI VI LCX 208 $eSI SA 58592 5 208 996 $aAintinai valam$91315561 997 $aUNIOR